Biblioteca

Sermons for head and heart (Registro nro. 68869)

Detalles MARC
000 -LÍDER
Campo fijo de descripción fija 01296nab a2200205 i 4500
001 - NÚMERO DE CONTROL
Campo de control 768714001
003 - IDENTIFICADOR DEL NÚMERO DE CONTROL
Campo de control CO-MdFUSB
005 - FECHA Y HORA DE LA ULTIMA TRANSACCIÓN
control field 20230508111549.0
008 - ELEMENTOS DE LONGITUD FIJA -- INFORMACIÓN GENERAL
Campo fijo de descripción fija -- Información general 230508s1987 us ||||| |||| 00| 0 eng d
040 ## - FUENTE DE CATALOGACIÓN
Idioma de catalogación spa
Agencia Catalogadora CO-MdFUSB
Agencia que realiza la transcripción CO-MdFUSB
Agencia que realiza la modificación CO-MdFUSB
041 ## - CÓDIGO DE IDIOMA
Código de idioma para texto/pista de sonido o título separado eng
100 ## - ASIENTO PRINCIPAL--NOMBRE PERSONAL
Nombre personal Thielemann, Bruce W.
Término relacionador autor
245 ## - TÍTULO
Título Sermons for head and heart
Mención de responsabilidad / Bruce W. Thielemann
300 ## - DESCRIPCIÓN FÍSICA
Extensión Volumen 8, número 2 (Spring 1987), páginas 58 - 63
Dimensiones ; 27 cm.
520 ## - NOTA DE RESUMEN, ETC.
Nota de sumario, etc. Cuando los pastores comienzas a predicar, usualmente advierten acerca del apelar a<br/>las emociones, porque podría llegar a manipular una predica. Pero he encontrado —Afirma<br/>Thielemann— que una predica que ignora las emociones también puede llegar a ser<br/>peligrosa. Si no se hace más que dar información, es muy probable que las personas que<br/>escuchan se conviertan simplemente en hipócritas. Evadir apelar a las emociones no te<br/>garantiza que tu sermón sea integro. En este artículo, Bruce W. Thielemann habla acerca<br/>de la relevancia del sermón que impacta desde la lógica hasta el corazón.
546 ## - NOTA DE IDIOMA
Nota de idioma Texto en Inglés
650 #0 - ASIENTO SECUNDARIO DE MATERIA - TERMINO TEMÁTICO
9 (RLIN) 54
Término temático o nombre geográfico como elemento de entrada Predicación
773 0# - ASIENTO DE ITEM FUENTE
Biblionumber 68780
Itemnumber 81954
Otro identificador del ítem R2467
Título Leadership :
Número de control del registro (CO-MdFUSB)768714001
Parte(s) relacionada(s) / Volumen., número. (mes año), páginas Volumen 8, número 2 (Spring 1987), páginas 58 - 63
Enumeración y primera página página 58
942 ## - TIPO DE MATERIAL (KOHA)
Tipo de Item KOHA Artículos de Revista

No hay ítems disponibles.

Biblioteca FUSBC | Teléfono: (57+4) 349 88 10 Ext. 141| WhatsApp (+57) 3005338115 
E-mail: biblioteca@unisbc.edu.co | Calle 76 87-14 Robledo Palenque, Medellín, Colombia

Con tecnología Koha